000 00441nam a2200181Ia 4500
005 20240823043847.0
008 240823s9999||||xx |||||||||||||| ||und||
041 _aENGLISH
082 _A621.3191 N4
100 _a"Elegerd,Olle I"
245 0 _aElectric Energy Systems Theory
250 _a2nd
260 _c1994
_b"TMH,New Delhi"
500 _aTRANSFERED
650 _aElectrical Energy
_bElectrical
942 _cBK
999 _c211210
_d211210